Dr. Bhim Rao Ambedkhar: (Record no. 155732)

MARC details
000 -LEADER
fixed length control field 00632nam a22001937a 4500
005 - DATE AND TIME OF LATEST TRANSACTION
control field 20180810104000.0
010 ## - LCCN (DPL NO)
LC control number ENG-123710
020 ## - INTERNATIONAL STANDARD BOOK NUMBER
International Standard Book Number 9789384402327
Terms of availability 895.00
035 ## - SYSTEM CONTROL NUMBER
System control number EN-107242
037 ## - SOURCE OF ACQUISITION
Source of stock number/acquisition DBAD/PUB
082 ## - DEWEY DECIMAL CLASSIFICATION NUMBER
Classification number 305.56
100 ## - MAIN ENTRY--PERSONAL NAME
Personal name Mishra, Saroj Kr.
245 ## - TITLE STATEMENT
Title Dr. Bhim Rao Ambedkhar:
Statement of responsibility, etc by Saroj Kr. Mishra
Remainder of title the man of millennium /
260 ## - PUBLICATION, DISTRIBUTION, ETC. (IMPRINT)
Name of publisher, distributor, etc Gyan Geeta Prakashan
Date of publication, distribution, etc 2017
Place of publication, distribution, etc Delhi
270 ## - ADDRESS
Address F-7, Gali No. 1, Panchsheel Garden Extn., Naveen Shahdara,
City Delhi
Postal code 110032
300 ## - PHYSICAL DESCRIPTION
Extent viii,288p.
Dimensions 22cm(Hb)
500 ## - GENERAL NOTE
General note It includes bibliography and index
942 ## - ADDED ENTRY ELEMENTS (KOHA)
Source of classification or shelving scheme Dewey Decimal Classification
Item type English Books
Classification part 305.56
Call number suffix MIS
Holdings
Withdrawn status Lost status Not for loan Collection code Home library Current library Date acquired Source of acquisition Cost, normal purchase price Full call number Barcode Copy number Cost, replacement price Koha item type
    Not For Loan Non-fiction D.B.Act.Division Central Library 10/08/2018 DBAD/PUB 895.00 305.56 MIS EN-107242 1 895.00 English Books

© Delhi Public Library
Hit Counter
free hit counter